[Event "World Cup 2023"]
[Site "Baku, Azerbaijan"]
[Date "2023.08.03"]
[Round "12.8"]
[White "Bachmann Axel (PAR)"]
[Black "Nihal Sarin (IND)"]
[Result "0-1"]
[WhiteFideId "3700488"]
[BlackFideId "25092340"]
[WhiteElo "2604"]
[BlackElo "2688"]

1. c4 {[%clk 01:30:57]} {[%emt 00:00:02]} e6 {[%clk 01:30:09]} {[%emt
00:00:51]} 2. g3 {[%clk 01:30:33]} {[%emt 00:00:54]} d5 {[%clk 01:30:27]}
{[%emt 00:00:12]} 3. Bg2 {[%clk 01:30:58]} {[%emt 00:00:05]} Nf6 {[%clk
01:30:52]} {[%emt 00:00:05]} 4. Nf3 {[%clk 01:31:23]} {[%emt 00:00:05]} d4
{[%clk 01:20:45]} {[%emt 00:10:36]} 5. d3 {[%clk 01:30:46]} {[%emt 00:01:08]}
Nc6 {[%clk 01:17:14]} {[%emt 00:04:01]} 6. O-O {[%clk 01:30:39]} {[%emt
00:00:36]} Bc5 {[%clk 01:17:40]} {[%emt 00:00:04]} 7. Bg5 {[%clk 01:20:15]}
{[%emt 00:10:54]} O-O {[%clk 01:10:40]} {[%emt 00:07:30]} 8. Nbd2 {[%clk
01:19:50]} {[%emt 00:00:56]} Be7 {[%clk 01:08:59]} {[%emt 00:02:11]} 9. Ne1
{[%clk 01:06:29]} {[%emt 00:13:51]} e5 {[%clk 00:54:50]} {[%emt 00:14:38]} 10.
Nc2 {[%clk 01:06:00]} {[%emt 00:00:59]} a5 {[%clk 00:48:56]} {[%emt 00:06:24]}
11. a3 {[%clk 01:01:03]} {[%emt 00:05:28]} Nd7 {[%clk 00:41:09]} {[%emt
00:08:16]} 12. Bxe7 {[%clk 00:59:28]} {[%emt 00:02:06]} Qxe7 {[%clk 00:41:34]}
{[%emt 00:00:04]} 13. Re1 {[%clk 00:49:43]} {[%emt 00:10:14]} Nf6 {[%clk
00:36:16]} {[%emt 00:05:48]} 14. Rb1 {[%clk 00:23:54]} {[%emt 00:26:19]} a4
{[%clk 00:34:49]} {[%emt 00:01:56]} 15. b4 {[%clk 00:12:27]} {[%emt 00:11:57]}
axb3 {[%clk 00:34:40]} {[%emt 00:00:40]} 16. Nxb3 {[%clk 00:12:54]} {[%emt
00:00:02]} Rd8 {[%clk 00:30:44]} {[%emt 00:04:26]} 17. Qd2 {[%clk 00:11:52]}
{[%emt 00:01:31]} Bf5 {[%clk 00:27:22]} {[%emt 00:03:54]} 18. Bxc6 {[%clk
00:09:16]} {[%emt 00:03:06]} bxc6 {[%clk 00:27:06]} {[%emt 00:00:46]} 19. Qb4
{[%clk 00:09:45]} {[%emt 00:00:01]} Qd6 {[%clk 00:18:33]} {[%emt 00:09:03]} 20.
Nc5 {[%clk 00:07:44]} {[%emt 00:02:31]} Re8 {[%clk 00:15:54]} {[%emt 00:03:09]}
21. f3 {[%clk 00:07:57]} {[%emt 00:00:17]} h5 {[%clk 00:15:55]} {[%emt
00:00:29]} 22. a4 {[%clk 00:07:35]} {[%emt 00:00:52]} h4 {[%clk 00:14:36]}
{[%emt 00:01:49]} 23. Nb7 {[%clk 00:05:22]} {[%emt 00:02:43]} Qe6 {[%clk
00:14:36]} {[%emt 00:00:29]} 24. Nc5 {[%clk 00:05:50]} {[%emt 00:00:02]} Qd6
{[%clk 00:15:03]} {[%emt 00:00:04]} 25. Kf2 {[%clk 00:04:16]} {[%emt 00:02:04]}
Nh7 {[%clk 00:08:57]} {[%emt 00:06:36]} 26. a5 {[%clk 00:01:32]} {[%emt
00:03:14]} Ng5 {[%clk 00:09:10]} {[%emt 00:00:16]} 27. Rf1 {[%clk 00:01:34]}
{[%emt 00:00:29]} Ra7 {[%clk 00:06:12]} {[%emt 00:03:28]} 28. Ra1 {[%clk
00:01:14]} {[%emt 00:00:50]} Rea8 {[%clk 00:05:35]} {[%emt 00:01:06]} 29. g4
{[%clk 00:01:00]} {[%emt 00:00:45]} e4 {[%clk 00:04:04]} {[%emt 00:02:00]} 30.
gxf5 {[%clk 00:00:34]} {[%emt 00:00:56]} exf3 {[%clk 00:04:26]} {[%emt
00:00:09]} 31. Kg1 {[%clk 00:00:45]} {[%emt 00:00:19]} fxe2 {[%clk 00:04:12]}
{[%emt 00:00:43]} 32. Rfe1 {[%clk 00:01:04]} {[%emt 00:00:11]} Qf4 {[%clk
00:03:25]} {[%emt 00:01:17]} 33. Rxe2 {[%clk 00:01:22]} {[%emt 00:00:12]} Nh3+
{[%clk 00:03:41]} {[%emt 00:00:14]} 34. Kh1 {[%clk 00:01:43]} {[%emt 00:00:09]}
Rxa5 {[%clk 00:03:11]} {[%emt 00:01:00]} 35. Rb1 {[%clk 00:01:04]} {[%emt
00:01:09]} Qf3+ {[%clk 00:01:32]} {[%emt 00:02:09]} 36. Rg2 {[%clk 00:01:33]}
{[%emt 00:00:02]} Nf2+ {[%clk 00:01:56]} {[%emt 00:00:06]} 37. Kg1 {[%clk
00:02:00]} {[%emt 00:00:03]} Nh3+ {[%clk 00:02:22]} {[%emt 00:00:04]} 38. Kh1
{[%clk 00:02:26]} {[%emt 00:00:03]} Ra1 {[%clk 00:01:15]} {[%emt 00:01:37]} 39.
Nxa1 {[%clk 00:01:55]} {[%emt 00:01:01]} Nf2+ {[%clk 00:01:40]} {[%emt
00:00:05]} 40. Kg1 {[%clk 00:02:21]} {[%emt 00:00:04]} Nh3+ {[%clk 00:02:07]}
{[%emt 00:00:03]} 41. Kh1 {[%clk 00:02:43]} {[%emt 00:00:08]} Ra2 {[%clk
00:01:47]} {[%emt 00:00:50]} 42. Rbg1 {[%clk 00:02:26]} {[%emt 00:00:47]} Nf2#
{[%clk 00:02:05]} {[%emt 00:00:12]} 0-1